000 00699nam a2200217 i 4500
001 C2-0236403
003 PPAK
005 20210524115433.0
008 011004n xx a|||| |||||||| eng d
040 _aPPAK
_beng
_cPPAK
_erda
082 0 4 _a658.4038011
_223
090 0 0 _a658.4038011
_bLEA
_dKSF
245 0 0 _aLeading the way to global information
264 1 _a[place of publication not identified] :
_b[publisher not identified] ,
_c[date of publication not identified]
300 _a55 pages :
_bcolour illustrations ;
_c30 cm
336 _2rdacontent
_atext
337 _2rdamedia
_aunmediated
338 _2rdacarrier
_avolume
650 1 0 _aManagement information systems
942 _cB
_2ddc
999 _c52221
_d52221